Global shift : The internationalization of economic activity

This book introduce the changing global map, trends in production and trade. The changing global map of international investment, the growth and spread of transnational corporations. Global shift, the picture in different sectors. Stresses and strains of adjustment to global shift.

Enregistré dans:
Détails bibliographiques
Auteur principal: Dicken, Peter
Format: Livre
Langue:Undetermined
Publié: New York Guilford Press 1992
Sujets:
Tags: Ajouter un tag
Pas de tags, Soyez le premier à ajouter un tag!
Thư viện lưu trữ: Trung tâm Học liệu Trường Đại học Cần Thơ
LEADER 00910nam a2200229Ia 4500
001 CTU_231674
008 210402s9999 xx 000 0 und d
082 |a 338.0904 
082 |b D548 
100 |a Dicken, Peter 
245 0 |a Global shift : 
245 4 |b The internationalization of economic activity 
245 0 |c Peter Dicken 
260 |a New York 
260 |b Guilford Press 
260 |c 1992 
520 |a This book introduce the changing global map, trends in production and trade. The changing global map of international investment, the growth and spread of transnational corporations. Global shift, the picture in different sectors. Stresses and strains of adjustment to global shift. 
650 |a Công nghiệp,Industries 
650 |x Lịch sử,History 
650 |y Thế kỷ 21,20th century 
910 |b dqhieu 
980 |a Trung tâm Học liệu Trường Đại học Cần Thơ